Historia del trabajo social

محفوظ في:
التفاصيل البيبلوغرافية
المؤلف الرئيسي: Torres Díaz, Jorge H (مؤلف)
التنسيق: كتاب
اللغة:الإسبانية
منشور في: Buenos Aires Humanitas 1987
سلاسل:Colección Desarrollo Social
الموضوعات:
الوسوم: إضافة وسم
لا توجد وسوم, كن أول من يضع وسما على هذه التسجيلة!

MARC

LEADER 00000nam a2200000 a 4500
001 UCQ8611
003 CL-VaPUC
008 981210e19870000AG |||||||||||||||||spa|d
082 0 4 |a 361.001  |b TOR  |2 21 
100 0 |a Torres Díaz, Jorge H  |e author  |9 422671 
245 1 0 |a Historia del trabajo social 
300 |a 294 p 
942 |c BK 
945 |d 19981210 00:00:00  |a aarredon 
260 |a Buenos Aires  |b Humanitas  |c 1987 
650 0 |a Trabajo social   |9 307856 
650 0 |a Acción social  |9 307836 
650 0 |a Historia  |9 255047 
650 0 |a Asistencia social   |9 351613 
651 0 |a América Latina   |9 255027 
583 |a last modification  |c 19981210 00:00:00  |k Rodrigo Vera 
490 0 |a Colección Desarrollo Social 
999 |c 277828  |d 277826 
952 |0 0  |1 0  |4 0  |6 361_001000000000000_TOR_1987  |7 0  |8 R  |9 316042  |a BIBGIM  |b BIBGIM  |d 2019-11-20  |i 3490904  |o 361.001 TOR 1987  |p 3490904  |r 2025-01-15  |w 2019-11-20  |y BK_R  |k SSL